000 00622nam a2200277Ia 4500
005 20260324145813.0
008 008 260324s9999 xx 000 0 eng d
020 _a9781003440451
037 _aEBOOK
040 _aCRL
040 _beng
040 _cCRL
041 _2eng
041 _aeng
084 _qCRL
100 _aRĂ³mulo Betancourt
_91224246
245 0 _aVenezuela's Oil
260 _bTaylor and Francis
260 _c1978
365 _a
365 _b160
856 _uhttp://www.taylorfrancis.com/books/9781003440451
942 _cEBOOK
999 _c1832656
_d1832656